banner koha

Calagem e adubacao NPK na producao de mudas de eucalipto (Eucalyptus grandis W. Hill ex. Maiden) (Registro n. 337076)

MARC details
000 -LÍDER
campo de controle de tamanho fixo 01147naa a22003497a 4500
001 - NÚMERO DE CONTROLE
campo de controle BR9501706
003 - IDENTIFICADOR DO NÚMERO DE CONTROLE
campo de controle BR-BrBNA
005 - DATA E HORÁRIO DA ÚLTIMA TRANSAÇÃO
campo de controle 20250721155532.0
007 - CAMPO FIXO DE DESCRIÇÃO FÍSICA--INFORMAÇÃO GERAL
campo de controle de tamanho fixo ta
008 - CAMPO DE DADOS FIXOS--INFORMAÇÃO GERAL
campo de controle de tamanho fixo 250630b bl.|||m| |||| 00| 0 por d
040 ## - FONTE DA CATALOGAÇÃO
Instituição da catalogação original BR-BrBNA
Idioma da catalogação por
Instituição que transcreveu o registro Biblioteca Nacional de Agricultura
041 ## - CÓDIGO DE IDIOMA
Código do idioma do texto/trilha sonora ou título diferente (Pt)
072 ## - CÓDIGO DE CATEGORIA DE ASSUNTO
Código de Categoria de Assunto F04
Código do objeto 3240
-- 3801
090 ## - NÚMERO DE CHAMADA LOCAL
Número de chamada F04 BR9501706
100 1# - ENTRADA PRINCIPAL--NOME PESSOAL
Nome pessoal Novais, R.F. de
100 1# - ENTRADA PRINCIPAL--NOME PESSOAL
Nome pessoal Gomes, J.M.
100 1# - ENTRADA PRINCIPAL--NOME PESSOAL
Nome pessoal Rocha, D.
100 1# - ENTRADA PRINCIPAL--NOME PESSOAL
Nome pessoal Lima, E.E. de
100 1# - ENTRADA PRINCIPAL--NOME PESSOAL
Nome pessoal Nascimento Filho, M.B.
111 1# - ENTRADA PRINCIPAL--NOME DO EVENTO
Nome do evento ou lugar 1. Seminario SIF Fertilizacao e Melhoramento Florestal
Local do evento Belo Horizonte, MG (Brazil)
Data do evento ou assinatura do tratado 19-20 Apr 1979
245 1# - TÍTULO
Título Calagem e adubacao NPK na producao de mudas de eucalipto (Eucalyptus grandis W. Hill ex. Maiden)
490 ## - TÍTULO DA SÉRIE
Título da série Boletim Tecnico - Sociedade de Investigacoes Florestais (Brazil)
Número do volume ou designação sequencial da série no. 2
500 ## - NOTA GERAL
Nota geral Boletim tecnico<br/>Belo Horizonte, MG (Brasil): 1979. p. 27-66 [22 tables; 14 ref.]<br/>(BR9501706-AMS)<br/>
650 ## - ASSUNTO--TERMO TÓPICO
Cabeçalho tópico ou nome geográfico Eucalipto
650 ## - ASSUNTO--TERMO TÓPICO
Cabeçalho tópico ou nome geográfico Muda
650 ## - ASSUNTO--TERMO TÓPICO
Cabeçalho tópico ou nome geográfico Fertilizante
650 ## - ASSUNTO--TERMO TÓPICO
Cabeçalho tópico ou nome geográfico NPK
650 ## - ASSUNTO--TERMO TÓPICO
Cabeçalho tópico ou nome geográfico Calagem
650 ## - ASSUNTO--TERMO TÓPICO
Cabeçalho tópico ou nome geográfico Adubacao
942 ## - ELEMENTOS DE ENTRADA ADICIONADOS (KOHA)
Tipo de material Koha Analítica de Monografia Seriada
Fonte da classificação ou esquema de arquivamento na estante Classificação AGRIS
909 ## -
-- 202506
-- Lúcia
-- 55
-- Lúcia Elande
Exemplares
Situação do descarte Fonte da classificação ou esquema de arquivamento na estante Situação física Não pode ser emprestado Coleção Biblioteca de origem Biblioteca atual Total de empréstimos Data de último acesso Número do exemplar Tipo de material Koha Situação das perdas Data de aquisição Fonte de aquisição
  Classificação AGRIS       Biblioteca Nacional de Agricultura - Binagri Biblioteca Nacional de Agricultura - Binagri   30/06/2025 01 Analítica de Monografia Seriada   2025-06-30 Portaria Interministerial nº 164/94

BINAGRI

Telefone: (61)3218-2567/2388/3357/2097 - binagri@agro.gov.br

Ministério da Agricultura e Pecuária , Esplanada dos Ministérios, Bloco D, Anexo B, Brasília/DF, CEP: 70.043-900